000 00555nam a2200205Ia 4500
003 OSt
005 20230405105210.0
008 210423s2007 xx 000 0 und d
020 _a415253950
040 _cAL
041 _aeng
082 _a809.935 KNIW
100 _aKNIGHT (Wilson).
_983158
245 _aWheel of fire: interpretations of Shakespearian tragedy.
260 _aLondon
_bRoutledge
_c2007
300 _axxii,393
_bPB
365 _b325
_cINR
906 _afire: ; interpretations ; shakespearian ; tragedy. ; Wheel
942 _2ddc
_cBK
999 _c158099
_d158099